000 01528nam2a22003011 4500
001 rc\202361
005 20250612182517.0
035 _a(NLR Aleph) 008779644
090 _a7974331
_c7974331
100 _a20030307d1992 |||y0rusy50 ca
101 0 _arus
102 _aRU
105 _aa |||||||||
200 1 _aˆ[‰Письма, 1895-1896
_fПодгот. текста и коммент. А.С. Петровского]
210 _d1992
_aБ. м.
215 _a304, 268, [3] с., [1] л. портр.
300 _aВых. дан. ориг.: М.: Гослитиздат, 1954
320 _aБиблиогр. в примеч.: с. 7
320 _aБиблиогр. в примеч. в конце писем
320 _aУказ. собств. имен, алф. указ. адресатов: с. 237-265
320 _aАлф. указ. адресатов: с. 296-300
461 0 _1001rc\202297
_12001#$aПолное собрание сочинений$fЛев Толстой$g[Вступ. ст. В. Черткова]$vТ. 68-69
_1700#1$aТолстой$bЛ. Н.$gЛев Николаевич$f1828-1910$3RU\NLR\AUTH\771515
_99548525
_aТолстой, Л.Н. (1828-1910)
_cМ.
_d1992-
_eРепринт. воспроизведение изд. 1928-1958 гг.
_fЛев Толстой
_nИзд. центр "Терра"
_tПолное собрание сочинений
_y5852551570
_vТ. 68-69
801 0 _aRU
_bNLR
_gpsbo
801 1 _aRU
_bELAR
_2rusmarc
852 _aNLR
_j91-7/1517
942 _cBOOK
980 _aNB